000
00471nam a2200145Ia 4500
008
100122s9999 xx 000 0 und d
082
_b
53989
_a
823.08.5
100
_a
जावडेकर सुबोध
245
_a
संगणकाची सावली
260
_b
रविराज प्रकाशन
_c
1997
300
_a
152
630
_a
संगणकाची सावली
730
_a
संगणकाची सावली
942
_c
BOOK
999
_c
430898
_d
430895